000 00459nam a2200181Ia 4500
001 12765
005 20260306163005.0
008 260306t1996||||xx |||||||||||||| ||spa||
041 _aESP
082 _aRD 203
_bJ81
100 _aLasanta, Pedro Jesús
_eAUT
245 0 _aDiccionario de teología y espiritualidad de Juan Pablo II
260 _c1996
300 _a1268 páginas :
_c21 cm.
650 _aGEN
654 _aCHU
942 _cDIC
_dJUS
_fJUS
_2ddc
_n
999 _c12765
_d12765